Sports Quiz

Random Sports or Baseball Quiz
Score 0/13 Timer 02:00
0 Plays Today
Player % Correct
Babe Ruth
96.6%
Barry Bonds
88.6%
Hank Aaron
87.8%
Willie Mays
78.3%
Alex Rodriguez
75.7%
Ted Williams
65.8%
Ken Griffey Jr.
64.6%
Albert Pujols
55.3%
Rafael Palmeiro
46.4%
Frank Robinson
45.3%
Manny Ramirez
41.3%
David Ortiz
41%
Eddie Murray
40.1%

You're not logged in!

Compare scores with friends on all Sporcle quizzes.
OR
Log In

Sporcle TV

Today on Sporcle TV


Watch our educational content, quiz creation guides, and fun videos on Sporcle TV.

Show Comments

Extras

Top Quizzes Today


Score Distribution

Paid Content

Your Account Isn't Verified!

In order to create a playlist on Sporcle, you need to verify the email address you used during registration. Go to your Sporcle Settings to finish the process.

Report this User

Report this user for behavior that violates our Community Guidelines.

Details: